[Event "2024 Newport Open"]
[Site "Newport"]
[Date "2024.08.18"]
[Round "4.21"]
[White "Chong, Kimberly"]
[Black "Acharya, Kandara"]
[Result "1/2-1/2"]
[WhiteElo "1782"]
[BlackElo "1753"]
[PlyCount "90"]
[EventDate "2024.08.16"]

1. e4 c5 2. c3 d5 3. exd5 Qxd5 4. Nf3 Nf6 5. Na3 a6 6. d4 cxd4 7. cxd4 Nc6 8. Be2 e6 9. Nc4 Bb4+ 10. Bd2 Bxd2+ 11. Qxd2 Nd7 12. O-O O-O 13. Qf4 Qf5 14. Qxf5 exf5 15. d5 Nb4 16. Rfd1 b5 17. Ne3 f4 18. Nf5 Re8 19. Bf1 Nf6 20. Nd6 Rd8 21. Nxc8 Raxc8 22. d6 h6 23. a4 Nbd5 24. axb5 axb5 25. Bxb5 Rxd6 26. Ra6 Rxa6 27. Bxa6 Rb8 28. Rd2 Nb4 29. Bc4 Ra8 30. h3 Re8 31. Bb5 Rc8 32. Rd4 Nc2 33. Rxf4 Rb8 34. Rf5 g6 35. Rc5 Ne4 36. Rxc2 Rxb5 37. Nd4 Rb4 38. Nc6 Rb6 39. b4 Nf6 40. f3 Nd5 41. Rc4 Ne3 42. Re4 Nd5 43. Rc4 Ne3 44. Rc3 Nd5 45. Rc4 Ne3 1/2-1/2

[Event "2024 Newport Open"]
[Site "Newport"]
[Date "2024.08.18"]
[Round "5.1"]
[White "Lentzos, Ioanis"]
[Black "Beaumont, Chris R"]
[Result "1/2-1/2"]
[WhiteElo "2119"]
[BlackElo "2183"]
[Annotator "Paul,Hatchett"]
[PlyCount "48"]
[EventDate "2024.08.16"]

1. d4 {[%emt 0:00:02]} Nf6 {[%emt 0:00:07]} 2. c4 {[%emt 0:00:03]} g6 {[%emt 0:00:08]} 3. Nc3 {[%emt 0:00:03]} Bg7 {[%emt 0:00:08]} 4. e4 {[%emt 0:00:07]} d6 {[%emt 0:00:05]} 5. Nf3 {[%emt 0:00:05]} O-O {[%emt 0:00:08]} 6. Be2 {[%emt 0:00:05]} e5 {[%emt 0:00:07]} 7. Be3 {[%emt 0:00:18]} exd4 {[%emt 0:00:20]} 8. Nxd4 {[%emt 0:00:06]} Re8 {[%emt 0:00:09]} 9. f3 {[%emt 0:00:17]} c6 {[%emt 0:00:07]} 10. Bf2 {[%emt 0:00:06]} d5 {[%emt 0:00:07]} 11. exd5 {[%emt 0:01:01]} cxd5 {[%emt 0:00:08]} 12. O-O {[%emt 0:00:22]} Nc6 {[%emt 0:00:07]} 13. c5 {[%emt 0:00:40]} Nh5 {[%emt 0:00:18]} 14. Qd2 {[%emt 0:00:12]} Bf8 {[%emt 0:00:30]} 15. Kh1 {[%emt 0:01:23]} Ng7 {[%emt 0:01:39]} 16. Bb5 {[%emt 0:05:54]} Bd7 {[%emt 0:02:19]} 17. Nb3 {[%emt 0:02:23]} a6 {[%emt 0:06:12]} 18. Ba4 {[%emt 0:00:59]} Be6 {[%emt 0:06:28]} 19. Rad1 {[%emt 0:06:20]} Nf5 {[%emt 0:23:03]} 20. Nxd5 {[%emt 0:11:14]} Bh6 {[%emt 0:00:43]} 21. Qd3 {[%emt 0:01:37]} Bxd5 {[%emt 0:07:26]} 22. Qxd5 {[%emt 0:00:12]} Qxd5 {[%emt 0:00:10]} 23. Rxd5 {[%emt 0:00:03]} Re2 {[%emt 0:00:16]} 24. Rd7 {[%emt 0:01:34]} Rb8 1/2-1/2

[Event "2024 Newport Open"]
[Site "Newport"]
[Date "2024.08.18"]
[Round "5.2"]
[White "Crawford, Owen"]
[Black "Chan, Sheng Liang Bernard"]
[Result "1/2-1/2"]
[WhiteElo "2010"]
[BlackElo "2093"]
[Annotator "Paul,Hatchett"]
[PlyCount "35"]
[EventDate "2024.08.16"]

1. e4 e5 {[%emt 0:00:11]} 2. f4 {[%emt 0:01:45]} exf4 {[%emt 0:00:57]} 3. Nf3 {[%emt 0:00:17]} d5 {[%emt 0:00:27]} 4. exd5 {[%emt 0:00:14]} Nf6 {[%emt 0:00:26]} 5. Bb5+ {[%emt 0:00:11]} Bd7 {[%emt 0:00:22]} 6. Qe2+ {[%emt 0:01:50]} Qe7 {[%emt 0:00:45]} 7. Qxe7+ {[%emt 0:00:46]} Bxe7 {[%emt 0:00:05]} 8. Bxd7+ {[%emt 0:00:06]} Nbxd7 {[%emt 0:00:04]} 9. c4 {[%emt 0:00:07]} O-O-O {[%emt 0:06:18]} 10. O-O {[%emt 0:01:06]} h6 {[%emt 0:03:53]} 11. d4 {[%emt 0:03:16]} g5 {[%emt 0:00:15]} 12. Nc3 {[%emt 0:01:08]} Rde8 {[%emt 0:13:34]} 13. Bd2 {[%emt 0:04:56]} Bb4 14. Rae1 {[%emt 0:10:25]} Bxc3 {[%emt 0:01:07]} 15. Bxc3 {[%emt 0:01:36]} Ne4 {[%emt 0:00:19]} 16. Ne5 {[%emt 0:15:51]} Nxc3 {[%emt 0:01:34]} 17. bxc3 {[%emt 0:00:37]} Re7 {[%emt 0:07:12]} 18. Nxd7 {[%emt 0:05:01]} 1/2-1/2

[Event "2024 Newport Open"]
[Site "Newport"]
[Date "2024.08.18"]
[Round "5.3"]
[White "Varley, Peter"]
[Black "Duke, Dillan"]
[Result "1/2-1/2"]
[WhiteElo "2123"]
[BlackElo "1957"]
[PlyCount "74"]
[EventDate "2024.08.16"]

1. d4 d5 2. c4 c6 3. Nf3 e6 4. cxd5 exd5 5. Qc2 Nf6 6. Nc3 Be7 7. Bg5 O-O 8. e3 Re8 9. Bd3 Nbd7 10. O-O Nf8 11. h3 g6 12. Bf4 Ne6 13. Bh2 Ng7 14. Rab1 Bf5 15. b4 a6 16. Ne5 Bxd3 17. Qxd3 Nd7 18. Nxd7 Qxd7 19. Na4 Bd6 20. Bxd6 Qxd6 21. Nb6 Rab8 22. Rfc1 Qe7 23. Na4 Nf5 24. Nc5 Nd6 25. a4 Ra8 26. a5 h5 27. Re1 Kg7 28. Re2 f5 29. Rbe1 Qf7 30. f3 Re7 31. e4 dxe4 32. fxe4 Nxe4 33. Nxe4 fxe4 34. Rxe4 Rae8 35. Re5 Rxe5 36. dxe5 Qe6 37. Qe3 Re7 1/2-1/2

[Event "2024 Newport Open"]
[Site "Newport"]
[Date "2024.08.18"]
[Round "5.4"]
[White "Cave, Iwan"]
[Black "Hill, Andy"]
[Result "0-1"]
[WhiteElo "2047"]
[BlackElo "1904"]
[PlyCount "112"]
[EventDate "2024.08.16"]

1. e4 e6 2. d4 d5 3. Nd2 Nf6 4. e5 Nfd7 5. c3 c5 6. f4 Nc6 7. Ndf3 cxd4 8. cxd4 f5 9. Bd3 Be7 10. Ne2 O-O 11. a3 a5 12. Bd2 Nb6 13. Rc1 Bd7 14. O-O a4 15. Qe1 Nc8 16. Bb5 Nxe5 17. Nc3 Nxf3+ 18. Rxf3 Nd6 19. Qe2 Bf6 20. Be3 Rc8 21. Rff1 Nxb5 22. Nxb5 Qb6 23. Nc3 Bxd4 24. Bxd4 Qxd4+ 25. Kh1 Rc4 26. Rcd1 Qf6 27. Rfe1 Rfc8 28. Qd3 R8c7 29. g3 Kf7 30. Re5 Bc6 31. Kg1 b5 32. Ne2 Re4 33. Qc3 Rc8 34. Nd4 Bd7 35. Qb4 Rc4 36. Qd6 Rcxd4 37. Rxd4 Rxd4 38. Qxd7+ Qe7 39. Qxb5 Rd2 40. Qb6 Rc2 41. Kh1 Qd7 42. Kg1 Qc6 43. Qa7+ Kf6 44. Qd4 Ke7 45. Re3 Kf7 46. Qa7+ Kg6 47. Qe7 Rc1+ 48. Kg2 d4+ 49. Rf3 Rc2+ 50. Kh3 Re2 51. Qg5+ Kf7 52. Qh5+ Kf8 53. Qg5 Qxf3 54. Qd8+ Kf7 55. Qd7+ Kg6 56. Qxe6+ Rxe6 0-1

[Event "2024 Newport Open"]
[Site "Newport"]
[Date "2024.08.18"]
[Round "5.5"]
[White "Homer, Stephen J"]
[Black "Davis, Colin"]
[Result "1-0"]
[WhiteElo "1996"]
[BlackElo "2046"]
[PlyCount "95"]
[EventDate "2024.08.16"]

1. e4 d6 2. d4 Nf6 3. Nc3 g6 4. g3 Bg7 5. Bg2 O-O 6. Nge2 e5 7. O-O exd4 8. Nxd4 Nc6 9. Nxc6 bxc6 10. Bg5 h6 11. Be3 Ng4 12. Bd4 Ne5 13. f4 c5 14. Bxe5 dxe5 15. f5 c6 16. Rf2 Bf6 17. Rd2 Qc7 18. Bf1 Bg5 19. Rd3 gxf5 20. h4 fxe4 21. Nxe4 Be7 22. Qh5 Kg7 23. g4 Rh8 24. Bg2 Be6 25. Rf1 f6 26. Ng3 c4 27. Rdd1 e4 28. Nf5+ Bxf5 29. Qxf5 Rad8 30. Rxd8 Bxd8 31. Rd1 Be7 32. Rd7 Qb6+ 33. Kh1 Kf7 34. Bxe4 Qe3 35. Qg6+ Kf8 36. Qf5 Rg8 37. Bf3 h5 38. Rb7 Qe1+ 39. Kg2 hxg4 40. Rb8+ Kf7 41. Bd5+ cxd5 42. Qxd5+ Qe6 43. Qxe6+ Kxe6 44. Rxg8 f5 45. h5 Bf6 46. h6 c3 47. bxc3 Kf7 48. h7 1-0

[Event "2024 Newport Open"]
[Site "Newport"]
[Date "2024.08.18"]
[Round "5.6"]
[White "Stubbs, Oliver"]
[Black "Gomez, Daniel"]
[Result "1-0"]
[WhiteElo "2114"]
[BlackElo "1987"]
[PlyCount "131"]
[EventDate "2024.08.16"]

1. d4 Nf6 2. Nf3 d5 3. Bf4 c5 4. e3 e6 5. c3 Nc6 6. Nbd2 Nh5 7. Bg5 f6 8. Bh4 g6 9. Be2 cxd4 10. cxd4 Be7 11. Rc1 Ng7 12. Bg3 Nf5 13. Nb3 O-O 14. O-O Nxg3 15. hxg3 Bd6 16. a3 Kg7 17. Re1 Ne7 18. Bd3 b6 19. Nbd2 Bd7 20. e4 Rc8 21. e5 fxe5 22. dxe5 Bb8 23. Qe2 Rxc1 24. Rxc1 Nc6 25. Qe3 Qe7 26. Nb3 Rc8 27. Re1 Rc7 28. Nbd4 Nxd4 29. Qxd4 Be8 30. Qf4 h6 31. Qg4 Bf7 32. Nd4 Qe8 33. Kh2 Kh7 34. Re3 Re7 35. f4 Bc7 36. Qh4 Bd8 37. g4 Rc7 38. g5 Qf8 39. Nb5 Rd7 40. Rh3 Kg8 41. Qxh6 Qxh6 42. Rxh6 Be7 43. Bxg6 d4 44. Bxf7+ Kxf7 45. Kg3 d3 46. Rh1 d2 47. Nd6+ Bxd6 48. exd6 Rxd6 49. Rd1 Rd3+ 50. Kf2 Kg6 51. Ke2 Rg3 52. Rxd2 e5 53. fxe5 Rxg2+ 54. Ke3 Rxg5 55. Ke4 Kf7 56. Kd5 Rg6 57. Rc2 a5 58. Rc7+ Ke8 59. Rc6 Rg2 60. Rxb6 Kd7 61. Rb7+ Kd8 62. b3 Rg3 63. a4 Rd3+ 64. Kc4 Re3 65. Rb5 Re4+ 66. Kd3 1-0

[Event "2024 Newport Open"]
[Site "Newport"]
[Date "2024.08.18"]
[Round "5.7"]
[White "Pleasants, Allan J"]
[Black "Thomas, Joseff"]
[Result "1/2-1/2"]
[WhiteElo "2013"]
[BlackElo "2043"]
[PlyCount "48"]
[EventDate "2024.08.16"]

1. Nf3 g6 2. g3 Bg7 3. d4 d6 4. Bg2 Nd7 5. O-O e5 6. e4 Ne7 7. Nc3 O-O 8. dxe5 Nxe5 9. Nxe5 dxe5 10. Bg5 f6 11. Be3 Qxd1 12. Rfxd1 b6 13. a4 Bg4 14. f3 Be6 15. Nb5 Rfc8 16. Bf1 Nc6 17. Rd2 f5 18. Kg2 a6 19. Nc3 Nd4 20. Nd5 Bxd5 21. exd5 f4 22. Bxd4 exd4 23. Re1 fxg3 24. hxg3 Kf8 1/2-1/2

[Event "2024 Newport Open"]
[Site "Newport"]
[Date "2024.08.18"]
[Round "5.8"]
[White "Meek, Stephen J"]
[Black "Brown, Thomas"]
[Result "0-1"]
[WhiteElo "1970"]
[BlackElo "2139"]
[PlyCount "70"]
[EventDate "2024.08.16"]

1. e4 c6 2. d4 d5 3. e5 c5 4. dxc5 e6 5. a3 Bxc5 6. b4 Be7 7. Qg4 g6 8. Nf3 a5 9. b5 h5 10. Qg3 h4 11. Qf4 Nd7 12. Bd3 g5 13. Nxg5 Bxg5 14. Qxg5 Qxg5 15. Bxg5 Nxe5 16. Bf4 f6 17. O-O Nxd3 18. cxd3 Bd7 19. Nc3 Ne7 20. a4 Kf7 21. d4 Rac8 22. Rfc1 Rc4 23. Ne2 Rhc8 24. Kf1 Nf5 25. Be3 Ke7 26. Ke1 Kd6 27. Kd2 e5 28. Kd3 Rxa4 29. dxe5+ fxe5 30. Nc3 Rxc3+ 31. Kxc3 d4+ 32. Kd2 dxe3+ 33. fxe3 Bxb5 34. Rxa4 Bxa4 35. Rf1 Bd7 0-1

[Event "2024 Newport Open"]
[Site "Newport"]
[Date "2024.08.18"]
[Round "5.9"]
[White "Brewer, Ben"]
[Black "Fathallah, Joe"]
[Result "0-1"]
[WhiteElo "1895"]
[BlackElo "1992"]
[PlyCount "88"]
[EventDate "2024.08.16"]

1. e4 e6 2. d4 d5 3. Nd2 Nc6 4. c3 e5 5. exd5 Qxd5 6. Qf3 Qxf3 7. Ngxf3 exd4 8. cxd4 Nb4 9. Bb5+ c6 10. Ba4 Nd3+ 11. Kf1 Nf6 12. Ne5 Nxc1 13. Rxc1 Bb4 14. Ndf3 O-O 15. a3 Bd6 16. Ng5 Bf5 17. f3 h6 18. g4 Bc8 19. h4 hxg5 20. hxg5 Bxe5 21. dxe5 Nd5 22. Kf2 Re8 23. Rh2 Kf8 24. Rh8+ Ke7 25. Rxe8+ Kxe8 26. Rh1 Ke7 27. Rh8 Nb6 28. Bc2 Be6 29. Rh7 Rd8 30. Kg3 Rd2 31. Be4 Nc4 32. Rxg7 Kf8 33. Rh7 Nxe5 34. f4 Re2 35. Bf3 Nxf3 36. Kxf3 Rxb2 37. f5 Bd5+ 38. Kf4 Kg8 39. Rh4 Re2 40. g6 fxg6 41. f6 Kf7 42. g5 Ke6 43. Rh7 Re4+ 44. Kg3 Re3+ 0-1

[Event "2024 Newport Open"]
[Site "Newport"]
[Date "2024.08.18"]
[Round "5.10"]
[White "Tuson, Jon"]
[Black "Tapp, James"]
[Result "0-1"]
[WhiteElo "1842"]
[BlackElo "1939"]
[PlyCount "116"]
[EventDate "2024.08.16"]

1. Nf3 d5 2. c4 d4 3. d3 g6 4. g3 Bg7 5. Bg2 Nf6 6. O-O O-O 7. Nbd2 Re8 8. b4 a5 9. bxa5 e5 10. Nb3 Nc6 11. Ng5 Nxa5 12. Nxa5 Rxa5 13. Qb3 c6 14. Bd2 Ra8 15. a4 Qc7 16. Rfb1 Nd7 17. a5 h6 18. Ne4 c5 19. a6 Rxa6 20. Rxa6 bxa6 21. Qa4 Re6 22. Ba5 Qa7 23. Qb3 Bf8 24. Nd2 Bd6 25. Bd5 Re7 26. Bb7 Bxb7 27. Qxb7 Nf6 28. Qc6 Re6 29. Rb7 Qa8 30. Qb6 Bf8 31. Qb3 e4 32. Rb8 Qc6 33. Rb6 Qd7 34. Rb7 Qd6 35. Rb6 Qe5 36. Rxe6 Qxe6 37. Qb6 Qf5 38. dxe4 Nxe4 39. Nf3 Nc3 40. Bxc3 dxc3 41. Qb3 Bg7 42. Ne1 Qe4 43. e3 h5 44. Kf1 Qh1+ 45. Ke2 Qxh2 46. Nd3 Qh3 47. Nxc5 Qc8 48. Ne4 Qg4+ 49. f3 Qe6 50. Nxc3 Bxc3 51. Qxc3 a5 52. Qd4 a4 53. c5 a3 54. Qa1 Qc4+ 55. Kd2 Qxc5 56. Qa2 Qd6+ 57. Kc3 Qxg3 58. Qe2 a2 0-1

[Event "2024 Newport Open"]
[Site "Newport"]
[Date "2024.08.18"]
[Round "5.11"]
[White "Zhang, Junyi"]
[Black "Gillings, Matthew"]
[Result "1-0"]
[WhiteElo "1936"]
[BlackElo "1750"]
[PlyCount "73"]
[EventDate "2024.08.16"]

1. e4 c5 2. Nf3 d6 3. d4 cxd4 4. Nxd4 Nf6 5. f3 e5 6. Nb3 d5 7. Bg5 d4 8. c3 Nc6 9. cxd4 Bb4+ 10. Bd2 Bxd2+ 11. Qxd2 Nxd4 12. Nxd4 Qxd4 13. Bb5+ Ke7 14. Qxd4 exd4 15. O-O Be6 16. Rd1 Rac8 17. Na3 a6 18. Bf1 Rhd8 19. b3 b5 20. Rd2 Nd7 21. Nc2 d3 22. Nb4 Nc5 23. Rad1 Rd4 24. Nxd3 Rcd8 25. Kf2 b4 26. Ke3 Nxd3 27. Rxd3 Rxd3+ 28. Bxd3 a5 29. Rd2 g5 30. Rc2 Kf6 31. g3 h5 32. f4 gxf4+ 33. gxf4 a4 34. bxa4 b3 35. axb3 Bxb3 36. Rc6+ Ke7 37. a5 1-0

[Event "2024 Newport Open"]
[Site "Newport"]
[Date "2024.08.18"]
[Round "5.12"]
[White "Dixon, Chris"]
[Black "Wu, Yuxuan"]
[Result "0-1"]
[WhiteElo "1799"]
[BlackElo "1933"]
[PlyCount "26"]
[EventDate "2024.08.16"]

1. d4 Nf6 2. Nc3 d5 3. Bf4 a6 4. e3 e6 5. g4 c5 6. dxc5 Bxc5 7. g5 Nfd7 8. Nf3 Nc6 9. h4 Qb6 10. Na4 Qa5+ 11. c3 Be7 12. a3 b5 13. b4 Qxa4 0-1

[Event "2024 Newport Open"]
[Site "Newport"]
[Date "2024.08.18"]
[Round "5.13"]
[White "Mcghee, David"]
[Black "Wastney, Dylan"]
[Result "0-1"]
[WhiteElo "1831"]
[BlackElo "1910"]
[PlyCount "66"]
[EventDate "2024.08.16"]

1. e4 c5 2. c3 d5 3. exd5 Qxd5 4. d4 Nf6 5. Nf3 e6 6. Be2 Nc6 7. Na3 Be7 8. Nb5 Qd8 9. dxc5 Bxc5 10. Qxd8+ Kxd8 11. Bg5 h6 12. Bf4 Ke7 13. Nc7 Rb8 14. Nb5 Ra8 15. b4 Nd5 16. Bg3 Bb6 17. Rc1 Rd8 18. O-O a6 19. Na3 f5 20. Nc4 Ba7 21. Be5 b5 22. Bxg7 Nf4 23. Rfe1 bxc4 24. Bxc4 Rg8 25. Bxh6 Rxg2+ 26. Kh1 Rxf2 27. Nh4 Bb7 28. Bxa6 Bxa6 29. Bxf4 Bb7 30. Nxf5+ Kd7 31. Red1+ Nd4+ 32. Kg1 Rxf4 33. Nxd4 Rg8# 0-1

[Event "2024 Newport Open"]
[Site "Newport"]
[Date "2024.08.18"]
[Round "5.14"]
[White "Kong, Emma Zihan"]
[Black "May, Adam J"]
[Result "1-0"]
[WhiteElo "1698"]
[BlackElo "1903"]
[PlyCount "81"]
[EventDate "2024.08.16"]

1. d4 d5 2. c4 e6 3. Nc3 Nf6 4. cxd5 exd5 5. Bg5 c6 6. e3 h6 7. Bh4 Be7 8. Bd3 O-O 9. Qc2 Re8 10. Nge2 Nbd7 11. Bg3 b5 12. O-O a5 13. Nxb5 Qb6 14. Nc7 Bb7 15. Nxe8 Rxe8 16. Rac1 c5 17. Qb3 Qa7 18. Bb5 Rc8 19. Bxd7 Nxd7 20. dxc5 Nxc5 21. Qd1 Rd8 22. Nd4 Qb6 23. Nb3 Ba6 24. Re1 Ne6 25. Be5 d4 26. exd4 a4 27. Nd2 Bg5 28. Nc4 Qb4 29. Ne3 Nxd4 30. Bxd4 Rxd4 31. Qc2 Qf8 32. Qc5 Qd8 33. Qc6 Qa5 34. Qc3 Qd8 35. Qc6 Qa5 36. Qe8+ Kh7 37. Qxf7 Bf6 38. h3 Re4 39. Qc7 Qd2 40. Qc2 Qb4 41. Nd5 1-0

[Event "2024 Newport Open"]
[Site "Newport"]
[Date "2024.08.18"]
[Round "5.15"]
[White "Thomas, Jac"]
[Black "Connolly, Dave"]
[Result "1-0"]
[WhiteElo "1996"]
[BlackElo "1730"]
[PlyCount "51"]
[EventDate "2024.08.16"]

1. d4 Nf6 2. Nc3 e6 3. e4 d5 4. e5 Nfd7 5. Nf3 a6 6. Be2 c5 7. O-O Nc6 8. Be3 c4 9. Ng5 g6 10. Bg4 Ndxe5 11. dxe5 d4 12. Qf3 Qe7 13. Nce4 Nxe5 14. Nf6+ Kd8 15. Qf4 Nd7 16. Nxd7 Bxd7 17. Bxd4 f5 18. Bxh8 Bh6 19. Nxe6+ Qxe6 20. Qxh6 fxg4 21. Rfe1 Qf5 22. Rad1 Kc7 23. Re7 Rxh8 24. Rdxd7+ Qxd7 25. Rxd7+ Kxd7 26. Qg7+ 1-0

[Event "2024 Newport Open"]
[Site "Newport"]
[Date "2024.08.18"]
[Round "5.17"]
[White "Szakmany, Bence"]
[Black "Turner, Joseph David"]
[Result "1-0"]
[WhiteElo "1901"]
[BlackElo "1862"]
[PlyCount "87"]
[EventDate "2024.08.16"]

1. e4 e5 2. Nf3 Nc6 3. Bb5 a6 4. Ba4 d6 5. O-O Bg4 6. h3 Bh5 7. c3 b5 8. Bb3 Qf6 9. g4 Bg6 10. Bd5 Kd7 11. d4 Qd8 12. dxe5 h5 13. Bxc6+ Kxc6 14. Qd5+ Kb6 15. Be3+ c5 16. b4 hxg4 17. exd6 Ka7 18. bxc5 Kb8 19. Ne5 Nf6 20. Nc6+ Kc8 21. Nxd8 Nxd5 22. exd5 Kxd8 23. hxg4 Be4 24. f3 Bxd5 25. a4 f5 26. gxf5 Rh5 27. Nd2 Rxf5 28. axb5 axb5 29. Rxa8+ Bxa8 30. f4 g6 31. Nb3 Bd5 32. Nd4 Rh5 33. Kf2 Rh2+ 34. Ke1 Kd7 35. Rg1 Rh3 36. Bd2 Bc4 37. Rxg6 Rh1+ 38. Kf2 Rd1 39. c6+ Kd8 40. Ke3 Rh1 41. Ne6+ Bxe6 42. Rxe6 Bh6 43. d7 Bxf4+ 44. Kxf4 1-0

[Event "2024 Newport Open"]
[Site "Newport"]
[Date "2024.08.18"]
[Round "5.18"]
[White "Hu, Junyan"]
[Black "Perrin, Brent"]
[Result "1-0"]
[WhiteElo "1720"]
[BlackElo "1879"]
[PlyCount "109"]
[EventDate "2024.08.16"]

1. e4 e6 2. d4 d5 3. e5 c5 4. c3 Nc6 5. Nf3 Bd7 6. Be2 Nge7 7. Na3 cxd4 8. cxd4 Qb6 9. Nc2 Na5 10. O-O Bb5 11. b3 Bxe2 12. Qxe2 Nf5 13. Rd1 Nc6 14. g4 Nfe7 15. Ba3 Ng6 16. Bxf8 Nxf8 17. Qe3 Ng6 18. Nfe1 O-O 19. f4 Nce7 20. Ng2 f5 21. exf6 Rxf6 22. h4 Raf8 23. Rf1 h5 24. gxh5 Nf5 25. Qf2 Nge7 26. Rad1 Rh6 27. Nce1 Rxh5 28. Nf3 Rf6 29. Rc1 Rfh6 30. Rfe1 Nc6 31. Rcd1 Qd8 32. Rd2 Qf6 33. a3 Qg6 34. Ng5 Nd8 35. Rc2 Nxh4 36. Rc8 Qe8 37. Nxe6 Nf5 38. Nh4 Rxh4 39. Rxd8 Rh1+ 40. Kg2 R6h2+ 41. Kf3 Rxf2+ 42. Kxf2 Rxe1 43. Rxe8+ Kf7 44. Rf8+ Ke7 45. Kxe1 Nxd4 46. Nxd4 Kxf8 47. Ke2 Kf7 48. Ke3 Kf6 49. b4 g5 50. fxg5+ Kxg5 51. Ne6+ Kf5 52. Nd8 b6 53. Kd4 Kf6 54. Kxd5 Ke7 55. Nc6+ 1-0

[Event "2024 Newport Open"]
[Site "Newport"]
[Date "2024.08.18"]
[Round "5.19"]
[White "Berkley, Stephen W"]
[Black "Chong, Kimberly"]
[Result "0-1"]
[WhiteElo "1817"]
[BlackElo "1782"]
[PlyCount "41"]
[EventDate "2024.08.16"]

1. e4 d5 2. exd5 Nf6 3. Bb5+ Bd7 4. Bc4 Bg4 5. f3 Bc8 6. Nc3 Nbd7 7. Nge2 Nb6 8. Bb3 Nbxd5 9. O-O e5 10. Nxd5 Nxd5 11. d4 exd4 12. Nxd4 Bc5 13. Re1+ Be6 14. Kh1 Bxd4 15. Qxd4 O-O 16. Bd2 c6 17. Rad1 Qc7 18. Qe5 Qxe5 19. Rxe5 Rad8 20. Rde1 Rd7 21. Bxd5 0-1

[Event "2024 Newport Open"]
[Site "Newport"]
[Date "2024.08.18"]
[Round "5.20"]
[White "Mcbeath, Joel"]
[Black "Holmes, Matthew A"]
[Result "0-1"]
[WhiteElo "1806"]
[BlackElo "1747"]
[PlyCount "70"]
[EventDate "2024.08.16"]

1. e4 e6 2. d4 d5 3. Nd2 c5 4. exd5 Qxd5 5. Ngf3 cxd4 6. Bc4 Qd7 7. O-O a6 8. Re1 Nc6 9. Nb3 Bd6 10. Nbxd4 Nxd4 11. Nxd4 Qc7 12. Bb3 Ne7 13. Qh5 Qc5 14. Qxc5 Bxc5 15. Be3 Bxd4 16. Bxd4 Nf5 17. Bc5 Bd7 18. Bd5 O-O-O 19. Be4 Bc6 20. Bxc6 bxc6 21. Rad1 Rd5 22. Rxd5 cxd5 23. b4 Kd7 24. Kf1 Rc8 25. a4 Nd6 26. Re3 Ne4 27. Bd4 Rxc2 28. f3 Nd2+ 29. Ke1 Nc4 30. Re2 Rxe2+ 31. Kxe2 e5 32. Bc5 Kc6 33. g4 g6 34. g5 Nb2 35. a5 Kb5 0-1

[Event "2024 Newport Open"]
[Site "Newport"]
[Date "2024.08.18"]
[Round "5.21"]
[White "Acharya, Kandara"]
[Black "Powell-Jones, Liam"]
[Result "1-0"]
[WhiteElo "1753"]
[BlackElo "1718"]
[PlyCount "45"]
[EventDate "2024.08.16"]

1. Nf3 Nf6 2. g3 g6 3. Bg2 Bg7 4. O-O O-O 5. d4 d5 6. c4 c6 7. cxd5 cxd5 8. Nc3 Nc6 9. Bf4 Nh5 10. Be3 e6 11. Qd2 Bd7 12. Bh6 Rc8 13. Rac1 Na5 14. b3 Bxh6 15. Qxh6 Qe7 16. e4 dxe4 17. Nxe4 f5 18. Nc5 b6 19. Nxd7 Qxd7 20. Rfe1 Qg7 21. Qxg7+ Nxg7 22. d5 Rcd8 23. Rc7 1-0